| 000 | 01019nam0a22002891 4500 | ||
|---|---|---|---|
| 001 | rc\4084236 | ||
| 005 | 20250610235317.0 | ||
| 035 | _a(NLR Aleph) 007969785 | ||
| 090 |
_a8452138 _c8452138 |
||
| 100 | _a20130415d1948 |||y0rusy50 ca | ||
| 101 | 0 | _arus | |
| 102 | _aRU | ||
| 105 | _ay z ||||| | ||
| 200 | 1 |
_aМар Аба I _eК истории культуры VI в. н. э. _fН. Пигулевская |
|
| 210 |
_a[Москва] _cБ. и. _d[1948] |
||
| 215 |
_a73-84 с. _d27 |
||
| 300 | _aЭкз. РНБ (КрI/7325): дарств. надпись | ||
| 300 | _aОтд. отт. из: Сов. востоковедение, V | ||
| 300 | _aБез тит. л. и обл. | ||
| 320 | _aБиблиогр. в подстроч. примеч. | ||
| 700 | 1 |
_7ca _8rus _aПигулевская _bН. В. _f1894-1970 _gНина Викторовна _9210261 _3RU\NLR\AUTH\770210315 |
|
| 801 | 0 |
_aRU _bNLR _gpsbo |
|
| 801 | 1 |
_aRU _bELAR _2rusmarc |
|
| 852 |
_aNLR _jКр1/7325 |
||
| 942 | _cBOOK | ||
| 980 | _aNB | ||